Dos amores (Record no. 167614)
[ view plain ]
| 000 -LEADER | |
|---|---|
| campo de control de longitud fija | 00686nam a22001935i 4500 |
| 001 - NÚMERO DE CONTROL | |
| campo de control | 167614 |
| 003 - IDENTIFICADOR DE NÚMERO DE CONTROL | |
| campo de control | ES-MaACL |
| 005 - FECHA Y HORA DE LA ÚLTIMA TRANSACCIÓN | |
| campo de control | 20230906213548.0 |
| 008 - DATOS DE LONGITUD FIJA--INFORMACIÓN GENERAL | |
| campo de control de longitud fija | 010309s1887 sp |||| | spa d |
| 040 ## - FUENTE DE CATALOGACIÓN | |
| Centro catalogador/agencia de origen | CAM |
| Lengua de catalogación | spa |
| Centro/agencia transcriptor | CAM |
| 100 1# - ENTRADA PRINCIPAL--NOMBRE DE PERSONA | |
| Nombre de persona | Villaverde, Cirilo. |
| 9 (RLIN) | 133760 |
| 245 10 - MENCIÓN DEL TÍTULO | |
| Título | Dos amores |
| Resto del título | : novela original cubana / |
| Mención de responsabilidad, etc. | por Cirilo Villaverde. |
| 260 ## - PUBLICACIÓN, DISTRIBUCIÓN, ETC. | |
| Lugar de publicación, distribución, etc. | [Barcelona] : |
| Nombre del editor, distribuidor, etc. | Gorgas y Compañía, editores, |
| Fecha de publicación, distribución, etc. | 1887 ( |
| Fabricante | Fidel Giró) |
| 300 ## - DESCRIPCIÓN FÍSICA | |
| Extensión | 256 p. ; |
| Dimensiones | 21 cm. |
| 490 1# - MENCIÓN DE SERIE | |
| Mención de serie | Biblioteca de "La ilustración cubana" |
| 830 0# - PUNTO DE ACCESO ADICIONAL DE SERIE-TÍTULO UNIFORME | |
| Título uniforme | Biblioteca de "La ilustración cubana" |
| 9 (RLIN) | 181749 |
| 852 ## - LOCALIZACIÓN | |
| Ubicación | ES-MaACL |
| Número de control de estantería | T-477-F-4 |
| Nota libre | -- Enc. hol. |
| -- | -- Enc. en un vol. facticio |
| Estatus retirado | Estado de pérdida | Estado de daño | No para préstamo | Colección | Biblioteca de origen | Biblioteca actual | Ubicación en estantería | Fecha de adquisición | Total de préstamos | Signatura topográfica completa | Código de barras | Visto por última vez | Precio de reemplazo | Tipo de ítem Koha |
|---|---|---|---|---|---|---|---|---|---|---|---|---|---|---|
| Colección de folletos | Biblioteca del Ateneo de Madrid | Biblioteca del Ateneo de Madrid | Depósito folletos | 17/01/2008 | T-477-F-4 | 1175847 | 23/02/2023 | 23/02/2023 | Folleto |
